LEADER 00927nam a2200241 i 4500 001 000000197102 003 CaOOAMICUS 005 20140715000000.0 008 140715s1952 it u000 u ita u 013 $a175788 040 $aSeMil$bita 100 1 $aSaponaro, Michele <1885-1959>.$0(OLS)http://semarc/name/6765 245 12$aI discepoli /$cMichele Saponaro. 260 $aMilano :$bArnoldo Mondadori Editore,$c1952. 300 $a270 p., [12] c. di tav. :$bill. ;$c24 cm. 500 $aFondo card. Giovanni Colombo. - Con dedica autografa. 650 4$aApostoli.$0(OLS)http://semarc/subject/2557 850 $aSeMil 852 $aSeMil$W1$xVenegono$y1$m3GC IV 239/A$j147661$B147661$CSeMilBibl$Z2$F159156 $8B 941 1 $a3 961 $aLascito: Colombo Card. Giovanni 996 $6245$aI discepoli$9(OLS)http://semarc/title/273065 996 $6260$aMilano :$bArnoldo Mondadori Editore$9(OLS)http://semarc/publisher/30056 LEADER 01434nam a2200313 i 4500 001 000000119735 003 CaOOAMICUS 005 20031104000000.0 008 031104s1994 it u000 u ita u 013 $a92429 020 $a88-315-1002-9 040 $aSeMil$bita 100 1 $aCantalamessa, Raniero,$c.$0(OLS)http://semarc/name/42 245 13$aUn cammino con Maria :$bcommento alle letture domenicali e festive /$cRaniero Cantalamessa, Gianfranco Ravasi, Giovanni Saldarini. 260 $aMilano :$bPaoline,$ccopyr. 1994. 300 $a162 p. ;$c20 cm. 490 0 $aPreghiere-Riflessioni ;$v42 500 $aFondo Card. C.M. Martini. 650 4$aLezionario romano festivo - Commenti e studi.$0(OLS)http://semarc/subject/539 700 1 $aRavasi, Gianfranco,$c.$0(OLS)http://semarc/name/244 700 1 $aSaldarini, Giovanni,$c.$0(OLS)http://semarc/name/1347 830 0$aPreghiere-Riflessioni ;$v42.$0(OLS)http://semarc/title/12118 850 $aSeMil 852 $aSeMil$W1$xVenegono$y1$m3F I 275/A$j74942$B74942$CSeMilBibl$Z2$F97790 $81 941 1 $a4 961 $aOmaggio: Martini Card. Carlo Maria 996 $6020$a88-315-1002-9$9(OLS)http://semarc/number/104722 996 $6245$aUn cammino con Maria :$bcommento alle letture domenicali e festive$9(OLS)http://semarc/title/176051 996 $6260$aMilano :$bPaoline$9(OLS)http://semarc/publisher/29684